Nasser's Blessed Movement : Egypt's Free Officers and the July revolution /

محفوظ في:

المؤلف الرئيسي: Gordon, Joel. (مؤلف)

التنسيق: كتاب

اللغة: English

منشور في: New York : Oxford University Press, 1992.

سلاسل: Studies in Middle Eastern history.

الموضوعات:

الوسوم: إضافة وسم

لا توجد وسوم, كن أول من يضع وسما على هذه التسجيلة!

رقم الطلب: DT107.83 .G67 1992

LEADER 00788nam a22002417a 4500
003 OSt
005 20260406100938.0
008 260406t1992 nyu b 001 0 eng d
010 |a  91016836 
020 |a 0195069358 
040 |c ARCE Library 
043 |a f-ua--- 
050 1 4 |a DT107.83  |b .G67 1992 
100 1 |a Gordon, Joel.  |q (Joel S.),  |e author 
245 1 0 |a Nasser's Blessed Movement :  |b Egypt's Free Officers and the July revolution /  |c Joel Gordon. 
264 1 |a New York :   |b Oxford University Press,   |c 1992. 
300 |a vii, 254 pages ;  |c 25 cm. 
490 0 |a Studies in Middle Eastern history. 
504 |a Includes bibliographical references (pages 233-242) and index. 
651 0 |a Egypt  |x Politics and government  |y 1952- 
901 |a reviewed 
942 |c BK  |2 lcc 
999 |c 13348  |d 13348